[Event "XXII Festival Conca della Presolana Magistrale"]
[Site "Bratto - Castione della Presolana ITA"]
[Date "2002.08.23"]
[Round "4"]
[White "Bresciani, Nicola"]
[Black "Belotti, Bruno"]
[Result "1/2-1/2"]
[WhiteElo "2270"]
[BlackElo "2430"]
[PlyCount "79"]
[EventDate "2002.08.20"]

1.e4 c5 2.Nf3 d6 3.d4 cxd4 4.Nxd4 Nf6 5.Nc3 Nc6 6.Be2 g6 7.Be3 Bg7 8.f3 
O-O 9.Qd2 d5 10.Nxc6 bxc6 11.e5 Nd7 12.f4 e6 13.Na4 Nxe5 14.O-O-O Nd7 15.
h4 Rb8 16.Bd4 Bxd4 17.Qxd4 Qa5 18.b3 Qb4 19.Qe3 Qa3+ 20.Kd2 Nf6 21.Bf3 Rb4
22.h5 Ne4+ 23.Bxe4 Rxe4 24.Qxa7 Rxf4 25.hxg6 hxg6 26.Rh2 Qb4+ 27.c3 Qa3 
28.Ra1 d4 29.cxd4 Rd8 30.Rah1 Rdxd4+ 31.Ke3 Rde4+ 32.Kd3 Rd4+ 33.Ke3 Rde4+
34.Kd3 Ba6+ 35.Qxa6 Rd4+ 36.Ke3 Rfe4+ 37.Kf3 Rf4+ 38.Ke3 Rfe4+ 39.Kf3 Rf4+
40.Ke3 1/2-1/2

[Event "XXII Festival Conca della Presolana Magistrale"]
[Site "Bratto - Castione della Presolana ITA"]
[Date "2002.08.23"]
[Round "4"]
[White "Cacco, Christian"]
[Black "Drabke, Lorenz Maximilian"]
[Result "1/2-1/2"]
[WhiteElo "2248"]
[BlackElo "2362"]
[PlyCount "98"]
[EventDate "2002.08.20"]

1.d4 d5 2.Nf3 Nf6 3.Bf4 c5 4.dxc5 Qa5+ 5.Nbd2 Qxc5 6.c3 Nc6 7.e3 g6 8.Bd3 
Bg7 9.h3 O-O 10.O-O Nh5 11.Bh2 e5 12.e4 dxe4 13.Nxe4 Qe7 14.Bc4 Na5 15.Be2
Nc6 16.Qd6 Re8 17.Rfd1 Nf4 18.Bb5 h6 19.Bxc6 bxc6 20.Qxe7 Rxe7 21.Rd8+ Kh7
22.Nd6 Rc7 23.Ne8 Re7 24.Nd6 Rc7 25.Re1 Nxg2 26.Rxe5 Bg4 27.Rxa8 Bxf3 28.
Ra5 Re7 29.Re8 Rd7 30.Bg3 h5 31.h4 f5 32.Re3 Nxe3 33.fxe3 Bf8 34.Nc4 Rd1+ 
35.Kf2 Bd5 36.Rxa7+ Kg8 37.b3 Bxc4 38.bxc4 Bc5 39.Ra8+ Kf7 40.Ke2 Rc1 41.
Be5 Ke6 42.Re8+ Be7 43.Bd4 Kd7 44.Rg8 c5 45.Be5 Rc2+ 46.Kf3 Bxh4 47.Bg3 
Bxg3 48.Rg7+ Ke8 49.Kxg3 Rxc3 1/2-1/2

[Event "XXII Festival Conca della Presolana Magistrale"]
[Site "Bratto - Castione della Presolana ITA"]
[Date "2002.08.23"]
[Round "4"]
[White "Campini, Marco"]
[Black "Benincasa, Marco"]
[Result "1-0"]
[WhiteElo "2169"]
[BlackElo "2030"]
[PlyCount "31"]
[EventDate "2002.08.20"]

1.e4 Nf6 2.e5 Nd5 3.d4 d6 4.exd6 cxd6 5.c4 Nb6 6.Be3 Nc6 7.Nc3 d5 8.cxd5 
Nxd5 9.Nf3 Nxc3 10.bxc3 g6 11.d5 Nb8 12.Qd4 Rg8 13.Qf4 Qd6 14.Bb5+ Bd7 15.
Qc4 a6 16.Qc8# 1-0

[Event "XXII Festival Conca della Presolana Magistrale"]
[Site "Bratto - Castione della Presolana ITA"]
[Date "2002.08.23"]
[Round "4"]
[White "Capece, Adolivio"]
[Black "Ricci, Alfredo"]
[Result "1/2-1/2"]
[WhiteElo "2067"]
[BlackElo "2067"]
[PlyCount "92"]
[EventDate "2002.08.20"]

1.c4 e6 2.Nf3 Nf6 3.g3 b6 4.Bg2 Bb7 5.Nc3 c5 6.d3 Be7 7.Bf4 O-O 8.O-O d6 
9.a3 Nc6 10.Ne1 d5 11.Nc2 Na5 12.b4 Nb3 13.Rb1 Nd4 14.Nxd4 cxd4 15.Nb5 Nd7
16.cxd5 e5 17.Bc1 Qb8 18.d6 Bd8 19.e3 Bxg2 20.Kxg2 a6 21.Nc7 Bxc7 22.dxc7 
Qb7+ 23.Qf3 Qxc7 24.exd4 exd4 25.Bb2 Ne5 26.Qe4 Rfe8 27.Rbc1 Qd7 28.Qxd4 
Qb7+ 29.Qe4 Qxe4+ 30.dxe4 Nd3 31.Rc2 Nxb2 32.Rxb2 Rxe4 33.Rc2 a5 34.Rfc1 
Kf8 35.Rc8+ Rxc8 36.Rxc8+ Ke7 37.Kf3 f5 38.bxa5 bxa5 39.Rc7+ Kf6 40.Rc6+ 
Re6 41.Rc5 Re5 42.Rc6+ Kg5 43.Rc7 g6 44.Rxh7 Rb5 45.Re7 Rb3+ 46.Re3 a4 
1/2-1/2

[Event "XXII Festival Conca della Presolana Magistrale"]
[Site "Bratto - Castione della Presolana ITA"]
[Date "2002.08.23"]
[Round "4"]
[White "Castaldo, Folco"]
[Black "Lovati, Paolo"]
[Result "1-0"]
[WhiteElo "2319"]
[BlackElo "2057"]
[PlyCount "73"]
[EventDate "2002.08.20"]

1.Nf3 g6 2.e4 d6 3.d4 Bg7 4.c4 e5 5.Bg5 f6 6.Be3 Nh6 7.h3 Nc6 8.d5 Nb8 9.
c5 Nf7 10.Bb5+ Bd7 11.Bxd7+ Qxd7 12.Nc3 O-O 13.O-O Bh6 14.Qb3 Qc8 15.Bxh6 
Nxh6 16.Rac1 Na6 17.c6 bxc6 18.dxc6+ Kg7 19.Qc4 Ng8 20.b4 Rb8 21.a3 Ne7 
22.Na4 Ra8 23.b5 Nb8 24.Nc3 h6 25.Rfd1 f5 26.exf5 Rxf5 27.Nd5 Nxd5 28.Qxd5
Qg8 29.Qxg8+ Kxg8 30.a4 Rf4 31.Rxd6 Na6 32.Rxg6+ Kh7 33.Re6 e4 34.Ne5 Nb4 
35.Re7+ Kg8 36.Rxc7 Re8 37.Ng6 1-0

[Event "XXII Festival Conca della Presolana Magistrale"]
[Site "Bratto - Castione della Presolana ITA"]
[Date "2002.08.23"]
[Round "4"]
[White "Cazzaniga, Walter"]
[Black "Fuggetta, Leonardo"]
[Result "1-0"]
[WhiteElo "2121"]
[BlackElo "2051"]
[PlyCount "63"]
[EventDate "2002.08.20"]

1.d4 d6 2.c4 Nf6 3.Nc3 e5 4.Nf3 Nbd7 5.g3 g6 6.Bg2 Bg7 7.O-O O-O 8.e4 Re8 
9.h3 c6 10.Be3 Qe7 11.Re1 Nh5 12.Qc2 exd4 13.Nxd4 Nc5 14.Rad1 Ne6 15.Nde2 
Nc7 16.g4 Nf6 17.Bf4 Rd8 18.Qd2 Be6 19.b3 Nfe8 20.Nd4 f6 21.Nf5 gxf5 22.
exf5 Qd7 23.fxe6 Nxe6 24.Bg3 Kh8 25.f4 a5 26.f5 Ng5 27.Re2 Nf7 28.Ne4 Ne5 
29.Rf2 h6 30.Bxe5 fxe5 31.f6 Bf8 32.g5 1-0

[Event "XXII Festival Conca della Presolana Magistrale"]
[Site "Bratto - Castione della Presolana ITA"]
[Date "2002.08.23"]
[Round "4"]
[White "Cebalo, Miso"]
[Black "Marchand, Francois"]
[Result "1/2-1/2"]
[WhiteElo "2548"]
[BlackElo "2237"]
[PlyCount "116"]
[EventDate "2002.08.20"]

1.c4 b6 2.d4 e6 3.a3 Bb7 4.Nc3 f5 5.d5 Na6 6.g3 Nf6 7.Bg2 Nc5 8.Nh3 Nfe4 
9.Nxe4 Nxe4 10.O-O Bd6 11.Be3 O-O 12.Qb3 Qf6 13.Rad1 Be5 14.f3 Nd6 15.Rd2 
Qe7 16.Rc1 Rab8 17.dxe6 dxe6 18.Qa4 a6 19.c5 bxc5 20.Bxc5 Qe8 21.Qxe8 
Rfxe8 22.b4 Bd5 23.Nf4 Nc4 24.Rd3 Nb2 25.Re3 Bxf4 26.gxf4 a5 27.Bd4 Nc4 
28.Rec3 axb4 29.axb4 Rxb4 30.Bc5 Rb2 31.e4 fxe4 32.fxe4 Rxg2+ 33.Kxg2 
Bxe4+ 34.Kf2 Nd6 35.Bxd6 cxd6 36.Rc7 Rf8 37.Rd7 Bg6 38.Ke3 e5 39.fxe5 dxe5
40.Rcc7 Bf7 41.Ke4 g5 42.Kxe5 Bg6 43.Rg7+ Kh8 44.Rge7 Kg8 45.Rcd7 Kh8 46.
Kd6 Kg8 47.Kc7 Rf7 48.Kd6 Kg7 49.Ke5 Rxe7+ 50.Rxe7+ Kh6 51.Kf6 Kh5 52.Re5 
Kh4 53.Rxg5 Kh3 54.Ke5 Kxh2 55.Kf4 Kh3 56.Rg3+ Kh2 57.Re3 Kg2 58.Rb3 Kf2 
1/2-1/2

[Event "XXII Festival Conca della Presolana Magistrale"]
[Site "Bratto - Castione della Presolana ITA"]
[Date "2002.08.23"]
[Round "4"]
[White "Cugini, Verter"]
[Black "Lapiccirella, Daniele"]
[Result "1-0"]
[WhiteElo "2231"]
[BlackElo "2097"]
[PlyCount "85"]
[EventDate "2002.08.20"]

1.e4 c5 2.g3 e6 3.Bg2 d5 4.exd5 exd5 5.d4 Nf6 6.Nf3 Be7 7.dxc5 Bxc5 8.O-O 
O-O 9.Nbd2 Nc6 10.Nb3 Bb6 11.Bg5 h6 12.Bf4 Re8 13.Nfd4 Bg4 14.Qd3 Qd7 15.
Rfe1 a6 16.Nxc6 Qxc6 17.Be5 Rac8 18.Bd4 Bxd4 19.Nxd4 Qb6 20.Nb3 Rxe1+ 21.
Rxe1 Bh5 22.c3 Bg6 23.Qd4 Qxd4 24.Nxd4 Rc7 25.Re5 Rd7 26.Nb3 Kf8 27.Bh3 
Rc7 28.f3 Bb1 29.a3 g6 30.Kf2 Bc2 31.Nd4 Ba4 32.Ke1 b6 33.Kd2 Re7 34.f4 
Ke8 35.Nf3 Bc6 36.Ke3 Ne4 37.Bf1 a5 38.Nd4 Rxe5 39.fxe5 Bd7 40.c4 Be6 41.
Nxe6 fxe6 42.Bd3 Nc5 43.Bxg6+ 1-0

[Event "XXII Festival Conca della Presolana Magistrale"]
[Site "Bratto - Castione della Presolana ITA"]
[Date "2002.08.23"]
[Round "4"]
[White "Del Dotto, Riccardo"]
[Black "Trabert, Bettina"]
[Result "1-0"]
[WhiteElo "2199"]
[BlackElo "2320"]
[PlyCount "50"]
[EventDate "2002.08.20"]

1.e4 e5 2.d4 exd4 3.Qxd4 Nc6 4.Qe3 Nf6 5.Nc3 Bb4 6.Bd2 O-O 7.O-O-O Re8 8.
Bc4 d6 9.f3 Be6 10.Bxe6 fxe6 11.Qg5 Qe7 12.Nge2 a6 13.h4 Ne5 14.Qg3 Nh5 
15.Qh3 Rf8 16.Bg5 Qd7 17.f4 Bxc3 18.Nxc3 Nxf4 19.Qg3 Qf7 20.h5 Nxh5 21.Qh4
h6 22.Bd2 Nf6 23.Rdg1 Qg6 24.Rh3 Neg4 25.Re1 Rf7 {...} 1-0

[Event "XXII Festival Conca della Presolana Magistrale"]
[Site "Bratto - Castione della Presolana ITA"]
[Date "2002.08.23"]
[Round "4"]
[White "Giretti Kanev, Jasen"]
[Black "Mascheroni, Maurizio"]
[Result "1-0"]
[WhiteElo "2193"]
[BlackElo "2068"]
[PlyCount "127"]
[EventDate "2002.08.20"]

1.e4 d6 2.d4 Nf6 3.Nc3 g6 4.Nf3 Bg7 5.Be2 Bg4 6.h3 Bxf3 7.Bxf3 Nbd7 8.Be3 
c6 9.O-O O-O 10.Be2 e5 11.f4 Qe7 12.fxe5 dxe5 13.d5 cxd5 14.Nxd5 Nxd5 15.
Qxd5 Nf6 16.Qc4 Rac8 17.Qa4 b6 18.Rad1 Rfd8 19.Rxd8+ Rxd8 20.Bc4 Qd7 21.
Bb5 Qe7 22.Bc4 Qd7 23.Qb3 Rf8 24.Qd3 Qxd3 25.cxd3 Rd8 26.Bd2 Rd7 27.Bb5 
Rc7 28.Bg5 Nh5 29.b3 Bf8 30.Kh2 Ng7 31.Bc4 Bc5 32.Bd8 Rd7 33.Bf6 Bd4 34.g4
Rc7 35.Bd8 Rd7 36.Bf6 Rc7 37.Bd8 Rd7 38.Bg5 Rc7 39.Rc1 Bb2 40.Rb1 Bd4 41.
Rf1 Ne8 42.a4 Kg7 43.Bd8 Rd7 44.g5 Nd6 45.Bf6+ Kf8 46.Kg3 Nxc4 47.bxc4 Rd6
48.h4 Re6 49.Rb1 Bc5 50.a5 Be7 51.axb6 axb6 52.Bxe7+ Kxe7 53.Kf3 Rd6 54.
Ke3 Ke6 55.Rf1 Ke7 56.Ra1 Ke6 57.Ra8 Rd7 58.Rb8 f5 59.Rxb6+ Ke7 60.exf5 
gxf5 61.Rh6 Kd8 62.Rf6 f4+ 63.Ke4 Re7 64.d4 1-0

[Event "XXII Festival Conca della Presolana Magistrale"]
[Site "Bratto - Castione della Presolana ITA"]
[Date "2002.08.23"]
[Round "4"]
[White "Guido, Flavio"]
[Black "Del Rio Angelis, Salvador Gabriel"]
[Result "1-0"]
[WhiteElo "2327"]
[BlackElo "2504"]
[PlyCount "55"]
[EventDate "2002.08.20"]

1.e4 e5 2.Nf3 Nc6 3.Bc4 Nf6 4.d3 Be7 5.O-O O-O 6.Bb3 d6 7.c3 h6 8.Re1 Nh7 
9.Nbd2 Kh8 10.d4 f5 11.dxe5 fxe4 12.exd6 Bxd6 13.Nxe4 Bg4 14.Nxd6 cxd6 15.
Bd5 Ne7 16.h3 Bh5 17.g4 Nxd5 18.Qxd5 Bg6 19.Nd4 Qh4 20.Qg2 d5 21.Bd2 h5 
22.Re6 Be4 23.f3 Bd3 24.Re5 hxg4 25.hxg4 Rae8 26.Rae1 Rxe5 27.Rxe5 Qd8 28.
Re3 1-0

[Event "XXII Festival Conca della Presolana Magistrale"]
[Site "Bratto - Castione della Presolana ITA"]
[Date "2002.08.23"]
[Round "4"]
[White "Isonzo, David"]
[Black "Ceresoli, Luigi"]
[Result "1/2-1/2"]
[WhiteElo "2337"]
[BlackElo "2204"]
[PlyCount "41"]
[EventDate "2002.08.20"]

1.e4 e5 2.Nf3 Nc6 3.Bb5 Nf6 4.O-O d6 5.d4 exd4 6.Nxd4 Bd7 7.Nc3 Be7 8.Re1 
O-O 9.Bxc6 bxc6 10.Qf3 c5 11.Nf5 Bxf5 12.Qxf5 Rb8 13.b3 Qc8 14.Qf3 Qb7 15.
Bg5 Rfe8 16.Rad1 Nd7 17.Bxe7 Rxe7 18.Nd5 Re6 19.Re3 Ne5 20.Qf5 Rbe8 21.
Rde1 1/2-1/2

[Event "XXII Festival Conca della Presolana Magistrale"]
[Site "Bratto - Castione della Presolana ITA"]
[Date "2002.08.23"]
[Round "4"]
[White "Lapiccirella, Mattia"]
[Black "Di Paolo, Raffaele"]
[Result "1/2-1/2"]
[WhiteElo "2192"]
[BlackElo "2319"]
[PlyCount "121"]
[EventDate "2002.08.20"]

1.d4 Nf6 2.c4 g6 3.Nc3 Bg7 4.e4 d6 5.Be2 O-O 6.Nf3 e5 7.d5 a5 8.Bg5 h6 9.
Bh4 Na6 10.Nd2 Qe8 11.O-O Bd7 12.b3 Nh7 13.a3 h5 14.f3 Bh6 15.Kh1 Be3 16.
Qc2 f5 17.exf5 gxf5 18.Bf2 Bxf2 19.Rxf2 Qe7 20.Qb2 Nf6 21.Re1 h4 22.b4 
axb4 23.axb4 Nh5 24.Bd3 Nf4 25.Bc2 c5 26.dxc6 bxc6 27.Na2 c5 28.bxc5 Nxc5 
29.Nc1 Bc6 30.h3 Qa7 31.Rff1 Qg7 32.Rg1 Kh8 33.Qc3 Nce6 34.Nd3 Nxd3 35.
Bxd3 Qg3 36.Nf1 Qg5 37.Qd2 Qf6 38.Ne3 Nd4 39.Nd5 Bxd5 40.cxd5 Rg8 41.Rd1 
f4 42.Rb1 Rg7 43.Rb2 Rag8 44.Qf2 Rc7 45.Rgb1 Rgc8 46.Rb8 Rxb8 47.Rxb8+ Kg7
48.Rb1 Qg5 49.Qe1 Qg3 50.Qa5 Rf7 51.Rf1 Nb3 52.Qb6 Nc5 53.Bc2 Nb7 54.Rb1 
Kh6 55.Qc6 Rg7 56.Rg1 Qg5 57.Bb1 Qd8 58.Rc1 Qe7 59.Be4 Nd8 60.Qb6 Nf7 61.
Rc6 1/2-1/2

[Event "XXII Festival Conca della Presolana Magistrale"]
[Site "Bratto - Castione della Presolana ITA"]
[Date "2002.08.23"]
[Round "4"]
[White "Mantovani, Renzo"]
[Black "Brancaleoni, Maurizio"]
[Result "0-1"]
[WhiteElo "2369"]
[BlackElo "2249"]
[PlyCount "82"]
[EventDate "2002.08.20"]

1.e4 c6 2.c4 d5 3.exd5 Nf6 4.Nc3 cxd5 5.cxd5 Nxd5 6.Qb3 e6 7.Nf3 Nc6 8.Bb5
Be7 9.Ne5 Bd7 10.Nxd5 Nxe5 11.Nxe7 Qxe7 12.O-O Bxb5 13.Qxb5+ Nc6 14.d4 Rd8
15.Bg5 f6 16.Be3 O-O 17.Qc4 Rd5 18.Rfe1 Qd6 19.h3 Re8 20.Rad1 Kh8 21.Rd2 
a6 22.a3 Qd7 23.Rde2 Kg8 24.Rd2 Rc8 25.Qa2 Re8 26.b4 Rc8 27.Rc1 Rd8 28.Rc5
Kf8 29.b5 axb5 30.Qb1 Ra8 31.Rd3 Ne7 32.Rb3 Nf5 33.Rxd5 exd5 34.Rxb5 Nxe3 
35.fxe3 Qe7 36.Rxb7 Qxa3 37.Kh2 Qxe3 38.Qb4+ Kg8 39.Qd6 Qxd4 40.Qe6+ Kh8 
41.Qc6 Qf4+ 0-1

[Event "XXII Festival Conca della Presolana Magistrale"]
[Site "Bratto - Castione della Presolana ITA"]
[Date "2002.08.23"]
[Round "4"]
[White "Manzoni, Alessandro"]
[Black "Vancini, Edoardo"]
[Result "0-1"]
[WhiteElo "2023"]
[BlackElo "2307"]
[PlyCount "82"]
[EventDate "2002.08.20"]

1.e4 c5 2.Nc3 Nc6 3.g3 g6 4.Bg2 Bg7 5.Nge2 e6 6.O-O Nge7 7.f4 d6 8.d3 O-O 
9.Be3 Nd4 10.Rb1 Rb8 11.Qd2 f5 12.Nd1 Nxe2+ 13.Qxe2 b6 14.c3 Ba6 15.Bf2 
Qd7 16.Re1 e5 17.Qd2 Rbd8 18.Bh3 d5 19.exf5 Nc6 20.f6 Qxh3 21.fxg7 Rf5 22.
Ne3 Rh5 23.Nf1 e4 24.c4 Nb4 25.cxd5 Nxd3 26.Rxe4 Nb4 27.Qe1 Qd7 28.Re7 
Qxd5 29.Rd1 Nd3 30.Re8+ Rxe8 31.Qxe8+ Kxg7 32.Qe7+ Qf7 33.Qxf7+ Kxf7 34.b3
Ke6 35.h4 Rd5 36.Ne3 Rd4 37.Nc4 Nxf2 38.Kxf2 Rxd1 39.f5+ gxf5 40.Ne3 Rd2+ 
41.Kf3 Rxa2 0-1

[Event "XXII Festival Conca della Presolana Magistrale"]
[Site "Bratto - Castione della Presolana ITA"]
[Date "2002.08.23"]
[Round "4"]
[White "Marinelli, Gian Marco"]
[Black "Rebeggiani, Andrea"]
[Result "1-0"]
[WhiteElo "2060"]
[BlackElo "2003"]
[PlyCount "29"]
[EventDate "2002.08.20"]

1.e4 e5 2.Nf3 Nc6 3.d4 exd4 4.Nxd4 Bc5 5.Be3 Qf6 6.c3 Qg6 7.Nd2 Nf6 8.Qc2 
Ng4 9.Nb5 Bxe3 10.fxe3 O-O 11.Nxc7 Rb8 12.Nd5 Nxh2 13.O-O-O Ng4 14.Nf4 Qf6
15.e5 1-0

[Event "XXII Festival Conca della Presolana Magistrale"]
[Site "Bratto - Castione della Presolana ITA"]
[Date "2002.08.23"]
[Round "4"]
[White "Marzano, Carlo"]
[Black "Griffa, Roberto"]
[Result "1/2-1/2"]
[WhiteElo "2258"]
[BlackElo "2080"]
[PlyCount "93"]
[EventDate "2002.08.20"]

1.d4 d5 2.Nf3 c5 3.e3 cxd4 4.exd4 Nc6 5.Bd3 Nf6 6.h3 Nb4 7.Bb5+ Bd7 8.
Bxd7+ Qxd7 9.O-O e6 10.Bf4 Bd6 11.Bxd6 Qxd6 12.Nbd2 O-O 13.c3 Nd3 14.Rb1 
Rac8 15.g3 e5 16.dxe5 Nxe5 17.Nxe5 Qxe5 18.Nf3 Qe6 19.Kg2 d4 20.Nxd4 Qxa2 
21.Qd2 Ne4 22.Qf4 Rfe8 23.Rbe1 Nc5 24.Qg5 Ne6 25.Qb5 Qc4 26.Qxc4 Rxc4 27.
Nxe6 Rxe6 28.Rxe6 fxe6 29.Rd1 Rc7 30.Kf3 Kf7 31.Ke4 Kf6 32.f4 a5 33.Rd6 a4
34.f5 a3 35.Rxe6+ Kf7 36.bxa3 Rxc3 37.Rb6 Rxg3 38.Rxb7+ Kf6 39.Kf4 Rxa3 
40.Rb6+ Ke7 41.h4 Ra1 42.f6+ Kf7 43.fxg7 Kxg7 44.Rb5 h6 45.Kf5 Ra4 46.h5 
Ra7 47.Rc5 1/2-1/2

[Event "XXII Festival Conca della Presolana Magistrale"]
[Site "Bratto - Castione della Presolana ITA"]
[Date "2002.08.23"]
[Round "4"]
[White "Mola, Pietro"]
[Black "Antognini, Francesco"]
[Result "1/2-1/2"]
[WhiteElo "2277"]
[BlackElo "2094"]
[PlyCount "80"]
[EventDate "2002.08.20"]

1.e4 e6 2.d4 d5 3.Nc3 Bb4 4.e5 c5 5.a3 Bxc3+ 6.bxc3 Ne7 7.Nf3 Bd7 8.dxc5 
Ng6 9.Bd3 Nc6 10.O-O Ncxe5 11.Nxe5 Nxe5 12.Rb1 Nxd3 13.cxd3 O-O 14.Bf4 Bc6
15.d4 b6 16.Bd6 Re8 17.f4 Qd7 18.Re1 Ba4 19.Qd3 bxc5 20.dxc5 f6 21.Re3 Qf7
22.Rg3 Rad8 23.Rb4 Bc6 24.Qd4 Rd7 25.h3 Rc8 26.Kh2 Rb7 27.Re3 Re8 28.Rg3 
Rc8 29.Qd3 Qd7 30.Re3 Re8 31.Re1 Qc8 32.Qd4 Rd8 33.Reb1 Rdd7 34.R1b2 Rd8 
35.Qd3 Rdd7 36.Qa6 Kf7 37.Qd3 Kg8 38.Re2 a5 39.Rbb2 Rxb2 40.Rxb2 Rb7 
1/2-1/2

[Event "XXII Festival Conca della Presolana Magistrale"]
[Site "Bratto - Castione della Presolana ITA"]
[Date "2002.08.23"]
[Round "4"]
[White "Moncelli, Giorgio"]
[Black "Astengo, Corrado"]
[Result "1-0"]
[WhiteElo "2155"]
[BlackElo "2195"]
[PlyCount "53"]
[EventDate "2002.08.20"]

1.c4 Nf6 2.Nf3 c6 3.b3 d5 4.Bb2 Bf5 5.d3 e6 6.g3 Bd6 7.Bg2 O-O 8.O-O Qe7 
9.Nbd2 Nbd7 10.Qc2 h6 11.e4 dxe4 12.dxe4 Bh7 13.Rfe1 Rad8 14.a3 e5 15.b4 
a5 16.c5 Bc7 17.Nh4 b6 18.cxb6 Bxb6 19.Nc4 Bc7 20.Nf5 Bxf5 21.exf5 Nd5 22.
Nxa5 Bxa5 23.bxa5 Rc8 24.Rac1 Rfe8 25.Re4 f6 26.Rc4 Nb8 27.Bxd5+ 1-0

[Event "XXII Festival Conca della Presolana Magistrale"]
[Site "Bratto - Castione della Presolana ITA"]
[Date "2002.08.23"]
[Round "4"]
[White "Piantoni, Roberto"]
[Black "Bonanno, Alessandro"]
[Result "0-1"]
[WhiteElo "2171"]
[BlackElo "2094"]
[PlyCount "66"]
[EventDate "2002.08.20"]

1.d4 Nf6 2.Nf3 g6 3.Bg5 Bg7 4.Nbd2 d5 5.e3 O-O 6.Bd3 c5 7.c3 cxd4 8.cxd4 
Nc6 9.a3 Bf5 10.Bxf5 gxf5 11.O-O Ne4 12.Bh4 f6 13.Ne1 Qe8 14.Nb3 Bh6 15.
Qf3 e6 16.Nd3 b6 17.Rfc1 Rc8 18.Bg3 a5 19.Bf4 Bxf4 20.Qxf4 a4 21.f3 axb3 
22.fxe4 fxe4 23.Qg4+ Kh8 24.Nf4 f5 25.Qh4 Qf7 26.Qh6 Rg8 27.Rc3 e5 28.dxe5
Nxe5 29.Qxb6 Rxc3 30.bxc3 Qg7 31.Rb1 Nd3 32.Qd4 Qxd4 33.cxd4 Rc8 0-1

[Event "XXII Festival Conca della Presolana Magistrale"]
[Site "Bratto - Castione della Presolana ITA"]
[Date "2002.08.23"]
[Round "4"]
[White "Pienabarca, Nicola"]
[Black "Berni, Fabrizio"]
[Result "0-1"]
[WhiteElo "2062"]
[BlackElo "2116"]
[PlyCount "65"]
[EventDate "2002.08.20"]

1.d4 d6 2.c4 g6 3.Nc3 Bg7 4.e4 Nc6 5.Be3 e5 6.d5 Nce7 7.c5 f5 8.cxd6 cxd6 
9.Bb5+ Bd7 10.Bxd7+ Qxd7 11.f3 Nf6 12.Nge2 O-O 13.O-O h5 14.Bg5 Nh7 15.
Bxe7 Qxe7 16.Rc1 Bh6 17.Rc2 Be3+ 18.Kh1 f4 19.Nb5 Rac8 20.Rxc8 Rxc8 21.Qa4
Qd7 22.Qb3 g5 23.Na3 g4 24.Nc4 Bc5 25.Nd2 g3 26.hxg3 Qe7 27.Ng1 fxg3 28.f4
exf4 29.Rxf4 Bf2 30.Qd1 Nf6 31.Ndf3 Ng4 32.Rf5 Bc5 33.Nd2 0-1

[Event "XXII Festival Conca della Presolana Magistrale"]
[Site "Bratto - Castione della Presolana ITA"]
[Date "2002.08.23"]
[Round "4"]
[White "Radice, Luca"]
[Black "Piva, Giorgio"]
[Result "1/2-1/2"]
[WhiteElo "2064"]
[BlackElo "2135"]
[PlyCount "67"]
[EventDate "2002.08.20"]

1.d4 d5 2.Nf3 Nc6 3.Bf4 Bg4 4.e3 e6 5.Be2 Bd6 6.Nbd2 Bxf4 7.exf4 Qd6 8.g3 
Nf6 9.c3 h5 10.Qa4 Ne4 11.Bb5 Nxd2 12.Nxd2 h4 13.f3 Bf5 14.O-O-O O-O 15.
Nf1 a6 16.Bd3 b5 17.Qc2 b4 18.Bxf5 exf5 19.Ne3 bxc3 20.Qxc3 g6 21.Kb1 Rfe8
22.gxh4 Re6 23.Rhg1 Kh7 24.h5 Rae8 25.hxg6+ fxg6 26.Ng2 Re2 27.h4 Qb4 28.
Qxb4 Nxb4 29.h5 gxh5 30.Nh4 Rh2 31.a3 Rxh4 32.axb4 Re2 33.Rg5 Rhh2 34.Rdg1
1/2-1/2

[Event "XXII Festival Conca della Presolana Magistrale"]
[Site "Bratto - Castione della Presolana ITA"]
[Date "2002.08.23"]
[Round "4"]
[White "Salami, Marco"]
[Black "Contin, Daniel"]
[Result "0-1"]
[WhiteElo "2206"]
[BlackElo "2334"]
[PlyCount "96"]
[EventDate "2002.08.20"]

1.e4 c6 2.Nc3 d5 3.Nf3 dxe4 4.Nxe4 Nf6 5.Nxf6+ gxf6 6.d4 Bf5 7.Bd3 Rg8 8.
c3 Bxd3 9.Qxd3 Rxg2 10.Bf4 Rg4 11.Bxb8 Rxb8 12.h3 Rf4 13.Rg1 Qd5 14.Nd2 f5
15.O-O-O b5 16.Qe3 Qd6 17.Rg8 Rh4 18.Qg5 Qf6 19.Qg3 f4 20.Qf3 Qe6 21.Ne4 
f5 22.Ng5 Qd5 23.Qxd5 cxd5 24.Rg1 Rb6 25.Nf3 Rxh3 26.Ne5 Rh2 27.R1g7 Rf6 
28.f3 a5 29.Rh8 h6 30.Rgg8 Rh3 31.Ng6 Rxg6 32.Rxg6 Kf7 33.Rhg8 Rxf3 34.Rg1
b4 35.Kc2 Rf2+ 36.Kb3 bxc3 37.bxc3 f3 38.R8g3 e6 39.a3 Be7 40.Rg7+ Ke8 41.
Rg8+ Kd7 42.R1g7 a4+ 43.Kxa4 Ra2 44.Rxe7+ Kxe7 45.Rg1 f2 46.Rf1 Rb2 47.Ka5
Kf6 48.a4 Kg5 0-1

[Event "XXII Festival Conca della Presolana Magistrale"]
[Site "Bratto - Castione della Presolana ITA"]
[Date "2002.08.23"]
[Round "4"]
[White "Schuurman, Petra"]
[Black "Godena, Michele"]
[Result "0-1"]
[WhiteElo "2272"]
[BlackElo "2488"]
[PlyCount "89"]
[EventDate "2002.08.20"]

1.d4 d5 2.c4 e6 3.Nc3 c6 4.e4 Bb4 5.Bd3 dxe4 6.Bxe4 Nf6 7.Bc2 c5 8.Nf3 
cxd4 9.Nxd4 e5 10.Ba4+ Bd7 11.Ne2 O-O 12.O-O Be6 13.Bb3 Nc6 14.Bg5 Be7 15.
Bxf6 Bxf6 16.Nd5 Rc8 17.Nec3 Nd4 18.Re1 g6 19.Nxf6+ Qxf6 20.Ne4 Qe7 21.Nc3
Qc5 22.Nd5 Bxd5 23.cxd5 Qd6 24.Qd3 Rfd8 25.Rad1 Rc5 26.f4 Nxb3 27.Qxb3 
Rxd5 28.Rxd5 Qxd5 29.Rxe5 Qd4+ 30.Qe3 Qxb2 31.Re8+ Rxe8 32.Qxe8+ Kg7 33.
Qa4 Qc1+ 34.Kf2 Qc5+ 35.Ke2 b5 36.Qb3 h5 37.Kf3 a5 38.h3 Qc6+ 39.Kg3 b4 
40.Kh2 Qc3 41.Qd5 a4 42.f5 Qc7+ 43.Kg1 Qc1+ 44.Kh2 Qf4+ 45.Kg1 0-1

[Event "XXII Festival Conca della Presolana Magistrale"]
[Site "Bratto - Castione della Presolana ITA"]
[Date "2002.08.23"]
[Round "4"]
[White "Scotti, Umberto"]
[Black "Galli, Fabio"]
[Result "1/2-1/2"]
[WhiteElo "2166"]
[BlackElo "2087"]
[PlyCount "85"]
[EventDate "2002.08.20"]

1.d4 d5 2.Nf3 Nf6 3.e3 e6 4.Bd3 Bd6 5.Nbd2 Nbd7 6.O-O e5 7.e4 O-O 8.exd5 
exd4 9.Ne4 Nxe4 10.Bxe4 Bc5 11.Nxd4 Qh4 12.f4 Re8 13.Bf3 Ne5 14.c3 Nxf3+ 
15.Qxf3 Bxd4+ 16.cxd4 Bg4 17.Qf2 Qd8 18.Be3 Qxd5 19.Rae1 Bd7 20.f5 f6 21.
Qg3 Bxf5 22.b3 Re7 23.Bf2 Rae8 24.Rxe7 Rxe7 25.Rc1 c6 26.Qb8+ Kf7 27.Qxa7 
Be4 28.Rc5 Qe6 29.h3 Bd5 30.Qb8 Qe4 31.Qg3 Qb1+ 32.Kh2 Qxa2 33.Rc3 Qb1 34.
h4 h5 35.Bg1 Qf5 36.b4 Qd7 37.Re3 Rxe3 38.Bxe3 Qe7 39.Bd2 Qe4 40.Be3 b5 
41.Bg1 Be6 42.Be3 Qg4 43.Bf4 1/2-1/2

[Event "XXII Festival Conca della Presolana Magistrale"]
[Site "Bratto - Castione della Presolana ITA"]
[Date "2002.08.23"]
[Round "4"]
[White "Skembris, Spyridon"]
[Black "Romanishin, Oleg M."]
[Result "1/2-1/2"]
[WhiteElo "2431"]
[BlackElo "2559"]
[PlyCount "57"]
[EventDate "2002.08.20"]

1.d4 Nf6 2.c4 d6 3.Nf3 g6 4.Nc3 Bf5 5.Qb3 Qc8 6.g3 Bg7 7.Bg2 Nc6 8.d5 Nd8 
9.O-O O-O 10.Re1 Ne4 11.Nxe4 Bxe4 12.Qe3 f5 13.Bh3 e6 14.Qb3 c6 15.dxe6 
Nxe6 16.Be3 d5 17.cxd5 Bxd5 18.Qc2 Qd8 19.Rad1 Qa5 20.b3 Qc3 21.Qxc3 Bxc3 
22.Bd2 Bf6 23.Bg2 Rfe8 24.h4 a5 25.Ng5 Bxg2 26.Nxe6 Rxe6 27.Kxg2 a4 28.Be3
axb3 29.axb3 1/2-1/2

[Event "XXII Festival Conca della Presolana Magistrale"]
[Site "Bratto - Castione della Presolana ITA"]
[Date "2002.08.23"]
[Round "4"]
[White "Tirrito, Luca"]
[Black "Mazzariol, Oscar"]
[Result "1-0"]
[WhiteElo "2081"]
[BlackElo "2151"]
[PlyCount "77"]
[EventDate "2002.08.20"]

1.e4 g6 2.f4 Bg7 3.d3 c5 4.c3 Nc6 5.Be2 e6 6.Bf3 Nge7 7.Ne2 d5 8.e5 h5 9.
Na3 Nf5 10.Nc2 Bd7 11.Rb1 Bf8 12.a3 Qb6 13.Ng3 Ng7 14.b4 cxb4 15.axb4 h4 
16.Ne2 Nf5 17.b5 Na5 18.Ned4 Nxd4 19.Nxd4 Rc8 20.Bd2 Bc5 21.Be3 a6 22.bxa6
Qxa6 23.Ra1 b5 24.Bd2 Qb6 25.Ne2 Nc6 26.d4 Be7 27.O-O Na5 28.Kh1 Nc4 29.f5
gxf5 30.Nf4 Rg8 31.Bc1 Bg5 32.Nh5 Ke7 33.Bxg5+ Rxg5 34.Qe1 h3 35.Qh4 hxg2+
36.Bxg2 Rg8 37.Rg1 Qd8 38.Bf3 f6 39.exf6+ 1-0